Missing Word: Famous Landmarks Quiz Stats

 Plays Quiz Updated Jun 13, 2012

Support Sporcle.
Go Orange.
Score 0/24 Timer 04:00
1 Play Today
Hint Answer % Correct
Eiffel _____Tower
99.9%
Statue of _____Liberty
97.8%
Great _____ of ChinaWall
97.8%
_____ Tower of PisaLeaning
97.4%
_____ Gate BridgeGolden
96.8%
_____ MahalTaj
92.9%
Sydney _____ HouseOpera
90.5%
Easter _____ (Moai Statues)Island
81.1%
Great _____ at GizaPyramid
80.7%
_____ PicchuMachu
76%
Space _____Needle
73.4%
_____ the RedeemerChrist
62.4%
Hint Answer % Correct
St. Peter's _____Basilica
61.9%
Mount _____Rushmore
61.7%
Waldorf _____Astoria
49.1%
Westminster _____ Tower (Big Ben)Clock
49%
_____ CityForbidden
47.7%
_____ GateBrandenburg
37.9%
Mont St. _____Michel
20.5%
_____ FamiliaSagrada
19.1%
_____ San MarcoPiazza
17.6%
_____ StorehouseGuinness
13.1%
Arch of _____Constantine
6.9%
_____ at KinderdijkWindmills
5.5%

Today's Daily Dose

You're not logged in!

Compare scores with friends on all Sporcle quizzes.
OR
Log In

From the Vault

Alliterative Top 200 Harry Potter

by sproutcm

Rowling really has a liberal love for all alliteration.
Remove Ads.
Support Sporcle.
Get the best of Sporcle when you Go Orange. This ad-free experience offers more features, more stats, and more fun while also helping to support Sporcle. Thank you for becoming a member.

Show Comments

Extras

Top Quizzes Today


Score Distribution

Your Account Isn't Verified!

In order to create a playlist on Sporcle, you need to verify the email address you used during registration. Go to your Sporcle Settings to finish the process.

Report this User

Report this user for behavior that violates our Community Guidelines.

Details: